000 00456 a2200157 4500
020 _a8447333256 (lib. bdg.)
020 _a9788447333257 (lib. bdg.)
041 _aspa
100 1 0 _aDirie, Waris.
245 1 0 _aFlor del desierto / Waris Dirie con Cathleen Miller ; traduccioon de Cristina Pages.
260 _aBarcelona : RBA, 2003.
300 _a 288 p. : il. ;
_c22 cm
440 _aTestimonios de mujer.
700 1 0 _aMiller, Cathleen
942 _cBK
999 _c20828
_d20828